| 000 | 00516nam a2200181 a 4500 | ||
|---|---|---|---|
| 005 | 20240924065159.0 | ||
| 008 | 020903s1970 mx r 000 0 spa d | ||
| 035 | _aUPN01000118854 | ||
| 049 | _aCG | ||
| 050 | 4 |
_aLA832 _bI57 |
|
| 245 | 0 | 3 |
_aLa instrucción pública en la URSS / _ced. N. Kuzin ; tr. E. Glazátova. |
| 260 |
_aMoscú : _bProgreso, _c[197-]. |
||
| 300 | _a169 p. | ||
| 650 | 4 |
_aESCUELAS PUBLICAS - _zRUSIA _915512 |
|
| 650 | 4 |
_aEducación _zRusia _913698 |
|
| 700 | 1 |
_aKuzin, N., _eed. |
|
| 905 | _aLibro | ||
| 999 |
_c91217 _d91217 |
||